Science Quiz

Random Science or Animal Quiz

Extinct Animals by Picture Quiz Stats

 Plays Quiz Updated Nov 8, 2017

Challenge
Share
Tweet
Score 0/20 Timer 05:00
5 Plays Today
# Extinct Animal % Correct
1Dodo
95.2%
20Woolly Mammoth
84.3%
14Sabre-toothed cat
80.5%
10Wooly Rhinoceros
46.6%
19Ivory-billed Woodpecker
43.9%
13Mexican grizzly
42.9%
18Baiji
39.7%
16Giant Beaver
38.6%
3Passenger Pigeon
38.2%
15Japanese Wolf
36.3%
# Extinct Animal % Correct
4Falkland Islands Wolf
36.3%
9Quagga
30.7%
2Thylacine
30%
6Steller's Sea Cow
29.3%
8Bulldog Rat
24.3%
5Great Auk
22.2%
11Christmas Island Shrew
17.5%
7Aurochs
10%
17Elephant Bird
7.9%
12Dusky Seaside Sparrow
6.9%

You're not logged in!

Compare scores with friends on all Sporcle quizzes.
OR
Log In

You Might Also Like...

Show Comments

Extras

Top Quizzes Today


Score Distribution

Your Account Isn't Verified!

In order to create a playlist on Sporcle, you need to verify the email address you used during registration. Go to your Sporcle Settings to finish the process.

Report this User

Report this user for behavior that violates our Community Guidelines.

Details: